Car Dashboard "Warning" Lights - Statistics

General Stats
  • This quiz has been taken 241 times
  • The average score is 6 of 12
Answer Stats
Picture Answer % Correct
Battery
96%
Airbag
73%
Low Fuel
70%
Check Engine
67%
High Beam
60%
Tire Pressure
53%
Oil Pressure
48%
Washer Fluid
39%
Traction/Stability Control
36%
Fog Lamp
34%
Coolant
31%
Brake System
27%
No matching quizzes found
Score Distribution
Percent of People with Each Score
Percentile by Number Answered
Your Score History
You have not taken this quiz